000 01177nam0a22002891 4500
001 rc\3314050
005 20250609211241.0
021 _aRU
_b[73-10456]
035 _a(NLR Aleph) 007505803
090 _a7680113
_c7680113
100 _a20130115d1973 |||y0rusy50 ca
101 0 _arus
102 _aRU
105 _ay z |||||
200 1 _aТеория случайных возмущений и почти-периодические процессы
_fСарат. ин-т механизации сел. хоз-ва им. М.И. Калинина
210 _aСаратов
_cПриволж. кн. изд-во
_d1973
215 _a112 с.
_d20
320 _aСписок лит.: с. 110-111 (36 назв.)
606 _aВозмущений теория
_2psbo
606 _aСлучайные процессы (мат.)
_2psbo
700 1 _7ca
_8rus
_aИванов
_bВ. Н.
_cканд. физ.-мат. наук, сельская электрификация
_f1923-
_gВиктор Николаевич
_9269687
_3RU\NLR\AUTH\770269743
801 0 _aRU
_bNLR
_gpsbo
801 1 _aRU
_bELAR
_2rusmarc
852 _aNLR
_j72-3/12320
942 _cBOOK
980 _aNB